000 00979nam a22002417a 4500
999 _c5788
_d5788
003 AR-CdUCM
008 190313b ||||| |||| 00| 0 spa d
040 _aMUNICIPALIDAD PROVINCIAL DEL CUSCO
_cBIBLIOTECA MUNICIPAL DEL CUSCO
082 _a985.061 /
_bM58
100 _aMilla Batres, Carlos
_914813
245 _aMemorias del mariscal Andres A. Caceres :
_bdiarios y otros documentos de la campaña de la Breña /
260 _aLima :
_bMilla Batres,
_c1986.
300 _a245 paginas ;
_bIlustraciones,
_c23.5 cm.
505 _aCuenta general de los fondos manejado durante la campaña del ejercito del centro -- La batalla de Huamachuco y sus desastres -- Anotaciones biográficas ...
650 _aAndres A. Caceres
_917189
650 _aCampaña de Breña
_917190
650 _aBiografía
_922
700 _aRodricguez, Pedro Manuel
_917191
700 _aHeros, Diana de los
_917192
700 _aMendizabal, Francisco C.
_917193
942 _2ddc
_cLIBROS
945 _aacv